| 000 | 00480nam a2200097Ia 4500 | ||
|---|---|---|---|
| 008 | 180130s9999 xx 000 0 und d | ||
| 245 |
_cTimmermans, Bram; Bekkers, Rudi; Bordoli, Luca _aKnowledge reallocation and challenges for KIE: the case of the European roller coaster industry |
||
| 260 | _c2013 | ||
| 300 | _aBook title: How entrepreneurs do what they do : case studies in knowledge intensive entrepreneurship--Acession number C17365; pages 119-134 | ||
| 650 | _aENTREPRENEURSHIP | ||
| 999 |
_c354465 _d354465 |
||